000 00553nam a2200229Ia 4500
003 OSt
005 20220928145330.0
006 a|||||r|||| 00| 0
007 ta
008 220927b |||||||| |||| 00| 0 eng d
024 _a80231
037 _cTextual
040 _aSDCL
_cSDCL
_beng
041 _2eng
_aeng
082 _aX:513, J2
100 _aBedell Clyde
_9512631
245 0 _aHow to write advertising that sells.
250 _a2
260 _c1952
942 _hX:513, J2
_cTEXL
_2CC
999 _c833274
_d833274